Themed General Knowledge Questions #13 - Statistics

General Stats
  • This quiz has been taken 30 times
  • The average score is 5 of 10
Answer Stats
Question Answer % Correct
What Shakespeare play is set in Denmark? Hamlet
79%
What country has the largest and deepest lake? Russia
71%
What is the name for a triangle where all three sides have different lengths? Scalene
68%
What food is in a shape of a 'torus'? Doughnuts
61%
Which of these Roald Dahl book has a movie prequel? Charlie and the Chocolate Factory
57%
How many elements are in the periodic table? 118
43%
What is the longest book of the Bible? Psalms
39%
Which peoples group was the first to develop an alphabet? Phoenicians
36%
How many strings are on a standard harp? 47
29%
What is the most deadly species of snakes, by amount of people killed? Saw-scaled viper
14%
No matching quizzes found
Score Distribution
Percent of People with Each Score
Percentile by Number Answered
Your Score History
You have not taken this quiz